|
|
|
|
| LEADER |
00000nab a2200000 a 4500 |
| 001 |
vtls000670647 |
| 003 |
SK-MaSNL |
| 005 |
20260304233759.0 |
| 008 |
140302c1998 xo 0 slo |
| 015 |
|
|
|a SNBRB1998/09-25918
|
| 035 |
|
|
|a CLN000022824
|
| 040 |
|
|
|a SNKBUCL
|b slo
|c SNKBUCL
|e AACR2
|
| 041 |
0 |
|
|a slo
|
| 044 |
|
|
|a xo
|c SK
|
| 080 |
|
|
|a 235.3
|2 1997
|
| 080 |
|
|
|a 929 Gorazd, sv.
|2 1997
|
| 100 |
1 |
|
|a Holečko, Miroslav,
|d 1950-
|4 aut
|9 237717
|
| 245 |
1 |
0 |
|a Gorazd - prvý slovenský pedagóg a veľkňaz
|c Miroslav Holečko
|
| 300 |
|
|
|b Obr.
|
| 600 |
0 |
7 |
|a Gorazd,
|c svätý,
|d činný 9. storočie
|2 snkbucl
|9 157807
|
| 655 |
|
7 |
|a články z novín a časopisov
|2 snkbucl
|9 267496
|
| 773 |
0 |
|
|t Učiteľské noviny
|g Roč. 48, č. 29 (1998), s. 3
|
| 850 |
|
|
|a Slovenská národná knižnica v Martine
|
| 852 |
|
|
|a SNK
|b KIS3GCP
|
| 958 |
|
|
|a SK
|
| 992 |
|
|
|a RBX
|
| 999 |
|
|
|c 3200211
|d 3202141
|